banner-ar

قصة أبطال الأرجو?(هديه من الآديب عبدالفتاح الجمل) / (Record no. 40573)

MARC details
000 -الفاتح
حقل البيانات ثابتة الطول 00527nam a2200181Ia 4500
008 - عناصر البيانات ثابتة الطول - معلومات عامة
حقل البيانات ثابتة الطول 140319s9999 xx 000 0 ara d
040 ## - مصدر الفهرسة
وكالة الفهرسة الأصلية GCL /
وكالة النسخ GCL
082 04 - رقم تصنيف ديوى العشرى
رقم التصنيف 859
رقم المادة ر ق
100 1# - المدخل الرئيسى - إسم شخصى
الإسم الشخصى امين سلامة
245 10 - بيان العنوان
العنوان قصة أبطال الأرجو?(هديه من الآديب عبدالفتاح الجمل) /
بيان المسئوليه,etc امين سلامة
700 1# - المدخل الاضافى - اسم شخصى
الإسم الشخصى روديوس، ابولونيوس
300 ## - الوصف المادى
التعداد 300
490 ## - بيان السلسلة
عنوان السلسلة
650 04 - المدخل الاضافى بالموضوع-مصطلح موضوعى
مصطلح موضوعي الادب
650 04 - المدخل الاضافى بالموضوع-مصطلح موضوعى
مصطلح موضوعي الادب الاغريقى
942 ## - عناصر المدخل الإضافي( كوها)
مصدر التصنيف او مخطط الترفيف Dewey Decimal Classification
Koha [default] item type كتاب
Holdings
حالة التراجع حالة الفقد حالة تلف ليس للاعارة المكان المؤقت الموقع الحالى تاريخ الاكتساب اجمالي اﻻعارات رقم الطلب الباركود تاريخ اخر مشاهدة تاريخ تفعيل السعر نوع وعاء كوها
        مكتبة القاهرة الكبرى مكتبة القاهرة الكبرى 03/26/2014   859\ ر ق 98187 03/26/2014 03/26/2014 كتاب

Powered By

EGPV